000 00475nam a22001937a 4500
003 MPLRDC
005 20220104124029.0
008 210129b ||||| |||| 00| 0 eng d
020 _a957-757-155-7
082 _a857.9 CQY-51 v.2
100 _a陈青云
245 _a霸剑春秋: 二
_c
250 _a初版
260 _a台湾
_b大梁出版社
_c1997
300 _b555
490 _a名家侠义系列: 33
650 _a武侠小说
942 _cBK
_o857.9 CQY-51 v.2
999 _c16099
_d16089